Mathematics for technical students Part-2 / (Record no. 9440)
[ view plain ]
| 000 -LEADER | |
|---|---|
| fixed length control field | 00544cam a2200217ua 4500 |
| 041 ## - LANGUAGE CODE | |
| Language code of text/sound track or separate title | eng |
| 082 ## - DEWEY DECIMAL CLASSIFICATION NUMBER | |
| Classification number | 510 |
| Item number | GEA/MA |
| 100 ## - MAIN ENTRY--AUTHOR NAME | |
| Personal name | Geary, A . |
| 245 ## - TITLE STATEMENT | |
| Title | Mathematics for technical students Part-2 / |
| 250 ## - EDITION STATEMENT | |
| Edition statement | 1 / |
| 260 ## - PUBLICATION, DISTRIBUTION, ETC. (IMPRINT) | |
| Place of publication | London : |
| Name of publisher | English Language Book Society , |
| Year of publication | 1965. |
| 300 ## - PHYSICAL DESCRIPTION | |
| Number of Pages | 371 ; . |
| 700 1# - ADDED ENTRY--PERSONAL NAME | |
| Personal name | Hayden, H A . |
| 700 1# - ADDED ENTRY--PERSONAL NAME | |
| Personal name | Lowry, H V . |
| 942 ## - ADDED ENTRY ELEMENTS (KOHA) | |
| Koha item type | Books |
| Withdrawn status | Lost status | Damaged status | Home library | Current library | Date acquired | Full call number | Accession Number | Koha item type |
|---|---|---|---|---|---|---|---|---|
| KAUAET | KAUAET | 07/04/2012 | 510 | 12457 | Books | |||
| KAUAET | KAUAET | 07/04/2012 | 510 | 12456 | Books |
